La batalla de Maipo: Narración del ilustre escritor Dn. Benjamín Vicuña Mackenna. Edición extraordinaria hecha con el fin de conmemorar este hecho histórico en su centenario
Wedi'i Gadw mewn:
| Prif Awdur: | |
|---|---|
| Fformat: | Llyfr |
| Iaith: | Sbaeneg |
| Cyhoeddwyd: |
Santiago
Imprenta Chile, calle de Morandé, Nos. 767 y 769
1918
|
| Rhifyn: | 2a. ed |
| Pynciau: | |
| Tagiau: |
Ychwanegu Tag
Dim Tagiau, Byddwch y cyntaf i dagio'r cofnod hwn!
|
MARC
| LEADER | 00000nam a2200000 a 4500 | ||
|---|---|---|---|
| 001 | UCJ4513 | ||
| 003 | CL-VaPUC | ||
| 008 | 070124e19180400CL |||||||||||||||||spa|d | ||
| 082 | 0 | 4 | |a 983 |b VIC |2 21 |
| 100 | |a Vicuña Mackenna, Benjamín, |d 1831-1886 |x Político e historiador |z Chile |e author |9 374 | ||
| 245 | 1 | 3 | |a La batalla de Maipo: Narración del ilustre escritor Dn. Benjamín Vicuña Mackenna. Edición extraordinaria hecha con el fin de conmemorar este hecho histórico en su centenario |
| 250 | |a 2a. ed | ||
| 300 | |a 63 p | ||
| 942 | |c BK | ||
| 945 | |d 20070124 00:00:00 |a rinostro | ||
| 260 | |a Santiago |b Imprenta Chile, calle de Morandé, Nos. 767 y 769 |c 1918 | ||
| 500 | |a Se ubica junto al resto de la colección | ||
| 600 | 0 | 7 | |a SAN MARTIN, JOSE DE |2 CL-VaPUC |9 508411 |
| 600 | 0 | |a O'higgins Riquelme, Bernardo |9 387808 | |
| 600 | 0 | 7 | |a OSORIO, MARIANO |2 CL-VaPUC |9 505208 |
| 600 | 0 | 7 | |a RODRIGUEZ, MANUEL |2 CL-VaPUC |9 309076 |
| 650 | 0 | |a Guerra de la independencia |9 331979 | |
| 650 | 7 | |a BATALLAS |2 CL-VaPUC |9 376940 | |
| 650 | 0 | |a Abrazo de Maipú |9 508412 | |
| 650 | 0 | |a Iconografía |9 267998 | |
| 651 | 7 | |a CHILE |2 CL-VaPUC |9 508413 | |
| 651 | 0 | |a Argentina |9 254888 | |
| 651 | 7 | |a MAIPO |2 CL-VaPUC |9 508414 | |
| 583 | |a last modification |c 20070124 00:00:00 |k Rodrigo Vera | ||
| 999 | |c 320629 |d 320627 | ||
| 952 | |0 0 |1 0 |4 0 |6 983_000000000000000_VIC_1918 |7 0 |8 X |9 399181 |a FDOBUD |b FDOBUD |d 2019-11-22 |i 1020285 |o 983 VIC 1918 |p 1020285 |r 2019-11-22 |w 2019-11-22 |y BK_X |k BUD | ||